000 00487nam a2200205Ia 4500
008 210210b2019 xxu||||| |||| 00| 0 eng d
020 _a9788129112132
041 _aeng
082 _a820.33 BONA
100 _aBOND (Ruskin) Ed
245 _aAll roads lead to ganga
260 _aNew Delhi
_bRupa Publications India
_c2019
300 _aiv,121
650 _aroads
650 _alead
650 _aganga
650 _aAll
690 _aIndian English Fiction
906 _a074015
999 _c123821
_d123821